000 00702nam a2200217Ia 4500
003 BUBTL
008 151213s9999 xx 000 0 und d
020 _a0030181933
082 _a658.1511/ M2777m/ 1997
100 _aMaher I, Michael
_93630
245 _aManagerial Accounting : an Introduction To Concepts Methods and uses /
_cMichael Maher I Clyde P. Stickney & Roman L. Well
250 _a6th
260 _aNew York
_bDryden
_cc1997
300 _a[xxi], 668p . :
_bill. 23cm.
500 _aIncludes Index
650 _aAccounting
_93631
700 _aMichal Maher I Clyde Stickney & Roman L. Well
_93630
856 _k0
_l0
_yDownload
942 _2ddc
_cBK
999 _c1164
_d1164